| 000 | 00457nam a2200121Ia 4500 | ||
|---|---|---|---|
| 008 | 220615s9999||||xx |||||||||||||| ||und|| | ||
| 100 | _aZubaida Yousaf | ||
| 245 | 0 | _aPlant Ecology - Traditional Approaches to Recent Trends | |
| 546 | _aEnglish[eng] | ||
| 650 | _aLife Sciences||Forestry Science||Agricultural and Biological Sciences||Ecology | ||
| 856 | _uhttps://www.intechopen.com/books/plant-ecology-traditional-approaches-to-recent-trends | ||
| 942 | _cEB | ||
| 999 |
_c16218 _d16218 |
||